[Event "BI-2013-P-00026"]
[Site "LSS email"]
[Date "2013.04.23"]
[Round "?"]
[White "Belanoff, Stuart B"]
[Black "Komissarov, Yaroslav"]
[Result "1/2-1/2"]
[WhiteElo "2214"]
[BlackElo "1567"]
[PlyCount "54"]
[EventDate "2013.04.25"]
[EventType "tourn (corr)"]
[EventRounds "10"]
[EventCountry "GER"]
[SourceTitle "Telechess CBM 167"]
[Source "ChessBase"]
[SourceDate "2015.07.13"]
[SourceVersion "1"]
[SourceVersionDate "2015.07.13"]
[SourceQuality "1"]

1. Nf3 e6 2. d4 c5 3. c4 cxd4 4. Nxd4 Nf6 5. Nc3 d5 6. cxd5 Nxd5 7. Bd2 Bc5 8. Nb3 Bb6 9. Nxd5 Qxd5 10. Bc3 Qxd1+ 11. Rxd1 f6 12. e3 Nc6 13. Bb5 Bd7 14. 0-0 0-0-0 15. Nd2 Ne7 16. Bxd7+ Rxd7 17. Nc4 Bc7 18. Rxd7 Kxd7 19. Rd1+ Kc8 20. Nd6+ Bxd6 21. Rxd6 Rd8 22. Rxd8+ Kxd8 23. e4 Nc6 24. f4 Ke7 25. Kf2 g6 26. Ke2 f5 27. b3 b5 1/2-1/2

[Event "BI-2013-P-00026"]
[Site "LSS email"]
[Date "2013.04.23"]
[Round "?"]
[White "Hammerschmidt, Volker"]
[Black "Komissarov, Yaroslav"]
[Result "1-0"]
[WhiteElo "1812"]
[BlackElo "1567"]
[PlyCount "97"]
[EventDate "2013.04.25"]
[EventType "tourn (corr)"]
[EventRounds "10"]
[EventCountry "GER"]
[SourceTitle "Telechess CBM 167"]
[Source "ChessBase"]
[SourceDate "2015.07.13"]
[SourceVersion "1"]
[SourceVersionDate "2015.07.13"]
[SourceQuality "1"]

1. e4 e5 2. Nf3 Nc6 3. Bb5 a6 4. Ba4 Nf6 5. 0-0 Be7 6. Re1 b5 7. Bb3 d6 8. c3 0-0 9. h3 Na5 10. Bc2 c5 11. d4 Qc7 12. Nbd2 cxd4 13. cxd4 Nc6 14. d5 Nb4 15. Bb1 a5 16. Nf1 Bd7 17. a3 Na6 18. Ng3 Rfc8 19. Be3 Nc5 20. b3 Qb7 21. Bc2 Bd8 22. Nh4 g6 23. Nf3 Bb6 24. Rb1 Rc7 25. Qe2 Rac8 26. Rec1 Ne8 27. Bh6 f6 28. Bd1 b4 29. axb4 axb4 30. Nd2 f5 31. exf5 Qxd5 32. Nc4 Bc6 33. Qf1 Ba7 34. Bg4 Nxb3 35. Rxb3 Bb5 36. Bf3 Qf7 37. Qd1 e4 38. Bxe4 Nf6 39. Nxd6 Rxc1 40. Bxc1 Rxc1 41. Qxc1 Qxb3 42. fxg6 Qxg3 43. gxh7+ Kh8 44. Qc8+ Be8 45. Nf7+ Kg7 46. h8Q+ Kxf7 47. Bd5+ Kg6 48. Qc2+ Kg5 49. Qg7+ 1-0

[Event "BI-2013-P-00026"]
[Site "LSS email"]
[Date "2013.04.23"]
[Round "?"]
[White "Komissarov, Yaroslav"]
[Black "Banshchikov, Valery Vasilyevich"]
[Result "0-1"]
[WhiteElo "1567"]
[BlackElo "1743"]
[PlyCount "38"]
[EventDate "2013.04.25"]
[EventType "tourn (corr)"]
[EventRounds "10"]
[EventCountry "GER"]
[SourceTitle "Telechess CBM 167"]
[Source "ChessBase"]
[SourceDate "2015.07.13"]
[SourceVersion "1"]
[SourceVersionDate "2015.07.13"]
[SourceQuality "1"]

1. e4 c5 2. Nf3 d6 3. d4 cxd4 4. Nxd4 Nf6 5. Nc3 g6 6. f4 Nc6 7. Nxc6 bxc6 8. e5 Nd7 9. Qf3 dxe5 10. Qxc6 Rb8 11. fxe5 Bg7 12. e6 fxe6 13. Qxe6 Rb6 14. Qe4 Nc5 15. Qc4 Ba6 16. Qxc5 Bd4 17. Qxb6 Qxb6 18. Bxa6 Bxc3+ 19. bxc3 Qxa6 0-1

[Event "LSS No Engine Cup 69 Final"]
[Site "LSS email"]
[Date "2013.03.19"]
[Round "?"]
[White "Komissarov, Yaroslav"]
[Black "Gurinov, Sergey Vasilyevich"]
[Result "0-1"]
[WhiteElo "1566"]
[BlackElo "1870"]
[PlyCount "42"]
[EventDate "2013.03.20"]
[EventType "tourn (corr)"]
[EventRounds "6"]
[EventCountry "GER"]
[SourceTitle "Telechess CBM 163"]
[Source "ChessBase"]
[SourceDate "2014.11.11"]
[SourceVersion "2"]
[SourceVersionDate "2014.11.11"]
[SourceQuality "1"]

1. e4 e5 2. Nc3 Nf6 3. Nf3 Bb4 4. Nxe5 0-0 5. Be2 d6 6. Nd3 Bxc3 7. dxc3 Nxe4 8. 0-0 h6 9. f3 Nf6 10. Be3 Nc6 11. Bf2 a5 12. Bh4 Re8 13. Re1 Bf5 14. g4 Bh7 15. f4 g5 16. Bg3 Ne4 17. Bf3 d5 18. f5 h5 19. Bg2 hxg4 20. Qxg4 Qf6 21. Rf1 a4 0-1

[Event "LSS No Engine Cup 69 Final"]
[Site "LSS email"]
[Date "2013.03.19"]
[Round "?"]
[White "Komissarov, Yaroslav"]
[Black "Schubert, Steffen"]
[Result "1/2-1/2"]
[WhiteElo "1566"]
[BlackElo "1955"]
[PlyCount "51"]
[EventDate "2013.03.20"]
[EventType "tourn (corr)"]
[EventRounds "6"]
[EventCountry "GER"]
[SourceTitle "Telechess CBM 163"]
[Source "ChessBase"]
[SourceDate "2014.11.11"]
[SourceVersion "2"]
[SourceVersionDate "2014.11.11"]
[SourceQuality "1"]

1. e4 e5 2. Nc3 Nf6 3. Nf3 Nc6 4. d4 exd4 5. Nxd4 Bb4 6. Nxc6 bxc6 7. Bd3 0-0 8. 0-0 d5 9. exd5 cxd5 10. Bg5 c6 11. Qf3 Bd6 12. h3 Rb8 13. Rab1 Re8 14. b3 Be6 15. Ne2 Be5 16. Bf4 Bxf4 17. Nxf4 Bd7 18. b4 a5 19. a3 axb4 20. axb4 h6 21. c3 Qe7 22. Ne2 Qd6 23. Qf4 Qxf4 24. Nxf4 Rb7 25. Ne2 Bf5 26. Bxf5 1/2-1/2

[Event "BI-2012-F-00019"]
[Site "LSS email"]
[Date "2013.02.15"]
[Round "?"]
[White "Lombardi, Donato"]
[Black "Komissarov, Yaroslav"]
[Result "0-1"]
[WhiteElo "926"]
[BlackElo "1567"]
[PlyCount "64"]
[EventDate "2013.02.20"]
[EventType "tourn (corr)"]
[EventRounds "10"]
[EventCountry "GER"]
[SourceTitle "Telechess CBM 161"]
[Source "ChessBase"]
[SourceDate "2014.07.16"]
[SourceVersion "1"]
[SourceVersionDate "2014.07.16"]
[SourceQuality "1"]

1. e4 e5 2. Nf3 Nc6 3. d4 exd4 4. Nxd4 Bc5 5. Be3 Qf6 6. c3 d6 7. Be2 Bd7 8. 0-0 0-0-0 9. Bf3 Nge7 10. Qd3 Ne5 11. Qe2 Qg6 12. Nd2 f5 13. exf5 Nxf5 14. Nxf5 Bxf5 15. Bf4 Bd3 16. Qd1 Bxf1 17. Bxe5 dxe5 18. Qb3 Ba6 19. Ne4 Bb6 20. c4 c6 21. c5 Bc7 22. h3 Rd3 23. Bg4+ Kb8 24. Qe6 Qxe4 25. Bf3 Qg6 26. Qxg6 hxg6 27. b4 Rxf3 28. gxf3 Be2 29. Kg2 Rf8 30. a4 Bxf3+ 31. Kg3 e4+ 32. Kh4 Bf4 0-1

[Event "LSS No Engine Cup 76 Preliminary 4"]
[Site "LSS email"]
[Date "2012.11.08"]
[Round "?"]
[White "Jostov, Keylah"]
[Black "Komissarov, Yaroslav"]
[Result "1-0"]
[WhiteElo "1090"]
[BlackElo "1567"]
[PlyCount "51"]
[EventDate "2012.11.09"]
[EventType "tourn (corr)"]
[EventRounds "6"]
[EventCountry "GER"]
[SourceTitle "Telechess CBM 161"]
[Source "ChessBase"]
[SourceDate "2014.07.16"]
[SourceVersion "1"]
[SourceVersionDate "2014.07.16"]
[SourceQuality "1"]

1. d4 d5 2. Nf3 c5 3. e3 Nc6 4. c3 Bf5 5. dxc5 e6 6. b4 a5 7. Bb5 axb4 8. cxb4 Bxb1 9. Rxb1 Rxa2 10. 0-0 Nge7 11. Qb3 Ra8 12. Bb2 f6 13. Rfd1 Qc8 14. Ra1 Rxa1 15. Rxa1 Kf7 16. Nd4 g6 17. Qa4 Bg7 18. Bxc6 bxc6 19. b5 Rd8 20. b6 e5 21. Nb3 Bf8 22. Qa7 Kg8 23. b7 Qc7 24. Qb6 Qxb6 25. cxb6 Rb8 26. Nc5 1-0

[Event "LSS No Engine Cup 76 Preliminary 4"]
[Site "LSS email"]
[Date "2012.11.08"]
[Round "?"]
[White "Maldonado, Juan Pablo"]
[Black "Komissarov, Yaroslav"]
[Result "0-1"]
[WhiteElo "563"]
[BlackElo "1567"]
[PlyCount "66"]
[EventDate "2012.11.09"]
[EventType "tourn (corr)"]
[EventRounds "6"]
[EventCountry "GER"]
[SourceTitle "Telechess CBM 161"]
[Source "ChessBase"]
[SourceDate "2014.07.16"]
[SourceVersion "1"]
[SourceVersionDate "2014.07.16"]
[SourceQuality "1"]

1. d4 d5 2. Nc3 Bf5 3. f4 Nf6 4. e3 e6 5. Bb5+ c6 6. Be2 Nbd7 7. Nf3 Ne4 8. Rf1 Nxc3 9. Qd2 Nxe2 10. c3 Nxc1 11. Qxc1 Bd6 12. Ng5 h6 13. Nf3 0-0 14. b4 b5 15. Qb2 a5 16. a3 Qe7 17. h3 f6 18. g4 Bd3 19. Rd1 Bxf1 20. Kxf1 e5 21. fxe5 fxe5 22. Re1 Rxf3+ 23. Ke2 Raf8 24. Kd1 Rf1 25. Qe2 Rxe1+ 26. Qxe1 exd4 27. cxd4 axb4 28. g5 bxa3 29. Qg1 a2 30. h4 a1Q+ 31. Ke2 Qxg1 32. Kd3 Qexe3+ 33. Kc2 Rf2# 0-1

[Event "OP-2012-0-02485"]
[Site "LSS email"]
[Date "2012.11.07"]
[Round "?"]
[White "Komissarov, Yaroslav"]
[Black "Garcia, Javier N"]
[Result "1-0"]
[WhiteElo "1693"]
[BlackElo "789"]
[PlyCount "55"]
[EventDate "2012.11.03"]
[EventType "tourn (corr)"]
[EventRounds "4"]
[EventCountry "GER"]
[SourceTitle "Telechess CBM 159"]
[Source "ChessBase"]
[SourceDate "2014.03.17"]
[SourceVersion "1"]
[SourceVersionDate "2014.03.17"]
[SourceQuality "1"]

1. e4 c5 2. Nf3 d6 3. d4 cxd4 4. Nxd4 Nf6 5. Nc3 a6 6. Bg5 e5 7. Nf5 Bxf5 8. exf5 Be7 9. Bxf6 Bxf6 10. Qd5 Nc6 11. 0-0-0 Nd4 12. Ne4 0-0 13. g4 Rc8 14. c3 Nf3 15. Nxf6+ Qxf6 16. Qxf3 b5 17. Kb1 Rfe8 18. Qe4 Red8 19. h4 Qe7 20. g5 d5 21. Rxd5 Rxd5 22. Qxd5 Rd8 23. Qe4 Rd1+ 24. Kc2 Qd8 25. Bd3 Rxh1 26. Qxh1 f6 27. g6 h6 28. Qc6 1-0

[Event "SB-2012-0-00263"]
[Site "LSS email"]
[Date "2012.11.02"]
[Round "?"]
[White "Komissarov, Yaroslav"]
[Black "Garcia, Manuel Valentim Per"]
[Result "1/2-1/2"]
[WhiteElo "1567"]
[BlackElo "1931"]
[PlyCount "66"]
[EventDate "2012.10.22"]
[EventType "tourn (corr)"]
[EventRounds "6"]
[EventCountry "GER"]
[SourceTitle "Telechess CBM 161"]
[Source "ChessBase"]
[SourceDate "2014.07.16"]
[SourceVersion "1"]
[SourceVersionDate "2014.07.16"]
[SourceQuality "1"]

1. e4 c5 2. Nc3 Nc6 3. Nf3 d6 4. d4 cxd4 5. Nxd4 Nf6 6. Bc4 Qb6 7. Nb3 e6 8. Bf4 Ne5 9. Be2 a6 10. Be3 Qc7 11. f4 Nc4 12. Bxc4 Qxc4 13. Qf3 Be7 14. 0-0-0 Qc7 15. Rhe1 b5 16. e5 Bb7 17. Qg3 dxe5 18. fxe5 Nh5 19. Qh3 Rc8 20. Qxh5 b4 21. Rd3 g6 22. Qh6 bxc3 23. Rxc3 Qxe5 24. Bd2 Qf5 25. Nd4 Qd5 26. Qg7 Rf8 27. Rxc8+ Bxc8 28. Bh6 Qxg2 29. Nf5 Bg5+ 30. Kb1 Bxh6 31. Nd6+ Ke7 32. Nf5+ Ke8 33. Nd6+ Ke7 1/2-1/2

[Event "SB-2012-0-00263"]
[Site "LSS email"]
[Date "2012.11.01"]
[Round "?"]
[White "Herzog, Klaus"]
[Black "Komissarov, Yaroslav"]
[Result "1-0"]
[WhiteElo "1855"]
[BlackElo "1567"]
[PlyCount "101"]
[EventDate "2012.10.22"]
[EventType "tourn (corr)"]
[EventRounds "6"]
[EventCountry "GER"]
[SourceTitle "Telechess CBM 161"]
[Source "ChessBase"]
[SourceDate "2014.07.16"]
[SourceVersion "1"]
[SourceVersionDate "2014.07.16"]
[SourceQuality "1"]

1. d4 d5 2. c4 c6 3. Nc3 Nf6 4. e3 e6 5. Nf3 Nbd7 6. Bd3 dxc4 7. Bxc4 b5 8. Bd3 a6 9. e4 c5 10. e5 cxd4 11. Nxb5 axb5 12. exf6 gxf6 13. Nxd4 Qb6 14. Be3 Bb4+ 15. Kf1 Bc5 16. Be2 b4 17. Qd2 Rg8 18. Nb5 Ba6 19. Bxc5 Nxc5 20. Qxb4 Rd8 21. h4 Nd3 22. Nc7+ Qxc7 23. Qa4+ Qd7 24. Qxa6 Qd5 25. Bxd3 Qxd3+ 26. Qxd3 Rxd3 27. Ke2 Rd5 28. g3 Re5+ 29. Kf3 Ke7 30. b4 h5 31. a4 Rg4 32. Rhb1 Ree4 33. b5 Rxa4 34. Rxa4 Rxa4 35. b6 Ra8 36. b7 Rb8 37. g4 hxg4+ 38. Kxg4 Kf8 39. Kf4 Kg7 40. Ke4 Kh6 41. Rb5 f5+ 42. Ke5 Kh5 43. Rb4 f4 44. Kd6 f6 45. Kc7 Rxb7+ 46. Kxb7 e5 47. Kc6 Kxh4 48. Kd5 Kh3 49. Rb6 Kg2 50. Rxf6 f3 51. Kxe5 1-0

[Event "LSS No Engine Cup 73 Preliminary 5"]
[Site "LSS email"]
[Date "2012.09.24"]
[Round "?"]
[White "Komissarov, Yaroslav"]
[Black "Jostov, Keylah"]
[Result "1-0"]
[WhiteElo "1693"]
[BlackElo "1106"]
[PlyCount "61"]
[EventDate "2012.09.25"]
[EventType "tourn (corr)"]
[EventRounds "6"]
[EventCountry "GER"]
[SourceTitle "Telechess CBM 159"]
[Source "ChessBase"]
[SourceDate "2014.03.17"]
[SourceVersion "1"]
[SourceVersionDate "2014.03.17"]
[SourceQuality "1"]

1. e4 e5 2. Nf3 d5 3. exd5 Bd6 4. d4 e4 5. Ne5 Nf6 6. Bb5+ c6 7. dxc6 bxc6 8. Nxc6 Qb6 9. Nc3 Nxc6 10. d5 0-0 11. Be3 Qb8 12. Bxc6 Qxb2 13. Bd4 Bb4 14. 0-0 Bxc3 15. Rb1 Qa3 16. Rb3 Qd6 17. Bxc3 Ng4 18. g3 Qh6 19. h4 e3 20. Bxa8 Re8 21. Qe2 exf2+ 22. Rxf2 Rxe2 23. Rxe2 f5 24. Rb8 Qa6 25. Re6 Qc4 26. Rc6 Qe4 27. Rcxc8+ Kf7 28. Rb7+ Kg6 29. Rxg7+ Kh5 30. Rg5+ Kh6 31. Rc6+ 1-0

[Event "LSS No Engine Cup 73 Preliminary 5"]
[Site "LSS email"]
[Date "2012.09.24"]
[Round "?"]
[White "Komissarov, Yaroslav"]
[Black "Murphy, Jones"]
[Result "1-0"]
[WhiteElo "1693"]
[BlackElo "1283"]
[PlyCount "45"]
[EventDate "2012.09.25"]
[EventType "tourn (corr)"]
[EventRounds "6"]
[EventCountry "GER"]
[SourceTitle "Telechess CBM 159"]
[Source "ChessBase"]
[SourceDate "2014.03.17"]
[SourceVersion "1"]
[SourceVersionDate "2014.03.17"]
[SourceQuality "1"]

1. e4 e5 2. Nf3 Nc6 3. Bc4 Nf6 4. d4 exd4 5. e5 d5 6. Bb5 Ne4 7. Nxd4 Bd7 8. Bxc6 bxc6 9. 0-0 Qh4 10. Be3 Be7 11. f3 Bg5 12. Qc1 Bxe3+ 13. Qxe3 Qg5 14. f4 Qe7 15. Nc3 Nxc3 16. bxc3 c5 17. Nb3 c4 18. Nc5 Bc6 19. f5 0-0 20. Rae1 Rab8 21. Na6 Rb6 22. f6 Qa3 23. Qg5 1-0

[Event "LSS No Engine Cup 69 Preliminary 6"]
[Site "LSS email"]
[Date "2012.07.19"]
[Round "?"]
[White "Komissarov, Yaroslav"]
[Black "Secondi, Alberto"]
[Result "1-0"]
[WhiteElo "1775"]
[BlackElo "602"]
[PlyCount "31"]
[EventDate "2012.07.20"]
[EventType "tourn (corr)"]
[EventRounds "6"]
[EventCountry "GER"]
[SourceTitle "Corr 2015"]
[Source "ChessBase"]
[SourceDate "2015.07.17"]
[SourceVersion "1"]
[SourceVersionDate "2015.07.17"]
[SourceQuality "1"]

1. e4 e6 2. d4 d5 3. Nc3 b6 4. Nf3 Bb7 5. Bb5+ Bc6 6. exd5 exd5 7. Qe2+ Be7 8. Ne5 Bxb5 9. Qxb5+ Nd7 10. Nxd5 a6 11. Qc6 Ngf6 12. Nxc7+ Kf8 13. Nxd7+ Nxd7 14. Qxa8 Qxa8 15. Nxa8 g6 16. Bh6+ 1-0

[Event "BI-2012-P-00019"]
[Site "LSS email"]
[Date "2012.04.20"]
[Round "?"]
[White "Penzo, Antonio"]
[Black "Komissarov, Yaroslav"]
[Result "0-1"]
[WhiteElo "986"]
[BlackElo "1775"]
[PlyCount "38"]
[EventDate "2012.04.22"]
[EventType "tourn (corr)"]
[EventRounds "10"]
[EventCountry "GER"]
[SourceTitle "Corr 2015"]
[Source "ChessBase"]
[SourceDate "2015.07.17"]
[SourceVersion "1"]
[SourceVersionDate "2015.07.17"]
[SourceQuality "1"]

1. e4 e6 2. f4 d5 3. e5 c5 4. Nf3 Nc6 5. c3 Nge7 6. Be2 Nf5 7. 0-0 c4 8. d4 cxd3 9. Bxd3 Qb6+ 10. Kh1 Ne3 11. Bxe3 Qxe3 12. Ng5 g6 13. Rf3 Qb6 14. Qc2 Be7 15. Nh3 Bd7 16. Nd2 Rc8 17. a3 Nd4 18. Qd1 Nxf3 19. Nxf3 0-0 0-1

[Event "BI-2012-P-00019"]
[Site "LSS email"]
[Date "2012.04.20"]
[Round "?"]
[White "Salonen, Jukka"]
[Black "Komissarov, Yaroslav"]
[Result "1-0"]
[WhiteElo "1788"]
[BlackElo "1775"]
[PlyCount "39"]
[EventDate "2012.04.22"]
[EventType "tourn (corr)"]
[EventRounds "10"]
[EventCountry "GER"]
[SourceTitle "Telechess CBM 165"]
[Source "ChessBase"]
[SourceDate "2015.03.11"]
[SourceVersion "1"]
[SourceVersionDate "2015.03.11"]
[SourceQuality "1"]

1. e4 e6 2. d4 d5 3. e5 c5 4. c3 Qb6 5. Nf3 Bd7 6. Be2 Bb5 7. c4 Bxc4 8. Bxc4 Qb4+ 9. Nbd2 dxc4 10. a3 Qa5 11. 0-0 b5 12. Ng5 Qc7 13. Qf3 Nc6 14. Nxf7 Nxd4 15. Qxa8+ Kxf7 16. a4 b4 17. Nxc4 g6 18. Be3 Nc6 19. Rfd1 Nge7 20. Nd6+ 1-0

[Event "BI-2011-F-00016"]
[Site "LSS email"]
[Date "2012.02.12"]
[Round "?"]
[White "Komissarov, Yaroslav"]
[Black "Petersen, Hans"]
[Result "1/2-1/2"]
[WhiteElo "1822"]
[BlackElo "1569"]
[PlyCount "145"]
[EventDate "2012.02.15"]
[EventType "tourn (corr)"]
[EventRounds "10"]
[EventCountry "GER"]
[SourceTitle "Telechess CBM 153"]
[Source "ChessBase"]
[SourceDate "2013.03.14"]
[SourceVersion "1"]
[SourceVersionDate "2013.03.14"]
[SourceQuality "1"]

1. e4 e5 2. Nf3 Nc6 3. d4 exd4 4. Bc4 Nf6 5. e5 Ne4 6. Bd5 Nc5 7. Bg5 Be7 8. Bxe7 Qxe7 9. 0-0 0-0 10. Re1 Ne6 11. Bxe6 fxe6 12. Nxd4 Qb4 13. Nxc6 bxc6 14. b3 d5 15. exd6 cxd6 16. Qd2 Qh4 17. c4 e5 18. Nc3 Rf6 19. Re4 Qh5 20. Qe2 Qg6 21. c5 Bh3 22. g3 d5 23. Rxe5 Raf8 24. Nd1 Bg4 25. Qd2 Bxd1 26. Rxd1 Rxf2 27. Re2 R2f5 28. Rde1 Qf6 29. Qe3 Rf1+ 30. Kg2 d4 31. Qe6+ Qxe6 32. Rxe6 R8f2+ 33. Kh3 Rxe1 34. Rxe1 d3 35. Rd1 d2 36. g4 Rf3+ 37. Kg2 Rd3 38. Kf2 a5 39. Ke2 Rh3 40. Rh1 Kf7 41. Rf1+ Kg6 42. Rf2 Kg5 43. Kxd2 g6 44. Rg2 Kh4 45. Kc2 Re3 46. a4 Re5 47. b4 Kh3 48. Rd2 axb4 49. Kb3 Rxc5 50. Kxb4 Rg5 51. Ra2 Rxg4+ 52. Kc5 Rg5+ 53. Kb6 Rd5 54. a5 c5 55. a6 Rd8 56. a7 h5 57. a8Q Rxa8 58. Rxa8 g5 59. Ra2 g4 60. Kxc5 h4 61. Kd4 g3 62. hxg3 Kxg3 63. Ke3 h3 64. Ra8 Kg2 65. Ra2+ Kg3 66. Ra7 Kg2 67. Rg7+ Kf1 68. Rf7+ Kg1 69. Rg7+ Kf1 70. Rh7 Kg2 71. Ke2 h2 72. Rg7+ Kh1 73. Kf2 1/2-1/2

[Event "BI-2011-F-00016"]
[Site "LSS email"]
[Date "2012.02.12"]
[Round "?"]
[White "Vodicka, Milan"]
[Black "Komissarov, Yaroslav"]
[Result "1-0"]
[WhiteElo "1970"]
[BlackElo "1822"]
[PlyCount "87"]
[EventDate "2012.02.15"]
[EventType "tourn (corr)"]
[EventRounds "10"]
[EventCountry "GER"]
[SourceTitle "Telechess CBM 153"]
[Source "ChessBase"]
[SourceDate "2013.03.14"]
[SourceVersion "1"]
[SourceVersionDate "2013.03.14"]
[SourceQuality "1"]

1. d4 d5 2. c4 c6 3. Nf3 Nf6 4. Nc3 dxc4 5. a4 Bf5 6. e3 e6 7. Bxc4 Bb4 8. 0-0 0-0 9. Qb3 Qe7 10. Bd2 a5 11. Nh4 Bg4 12. f3 Bh5 13. Rad1 Nd5 14. g3 Rd8 15. Be2 Na6 16. Ng2 e5 17. dxe5 Nc5 18. Nxd5 Qxe5 19. Qc2 Bg6 20. e4 Rxd5 21. Be3 Ne6 22. Bc4 Rdd8 23. Bxe6 Qxe6 24. Nf4 Qf6 25. Kg2 Rxd1 26. Rxd1 Rd8 27. Nd3 Qd6 28. Nf2 Qe7 29. Rxd8+ Qxd8 30. Nd3 Be7 31. Qb3 Qc8 32. Bb6 Qa8 33. Qc4 Bd6 34. Qd4 Bf8 35. Nf4 Bb4 36. Qd7 h5 37. Bd4 Bf8 38. e5 Qb8 39. h4 c5 40. Bc3 b6 41. Nxg6 fxg6 42. b3 c4 43. bxc4 Bb4 44. e6 1-0